UNIX pro začátečníky

Na minha lista:
Detalhes bibliográficos
Autor principal: Karban, Karel
Outros Autores: Řešátková, Jana
Formato: Livro
Idioma:tcheco
Publicado em: Praha Plus 1992
Edição:1. vyd.
Assuntos:
Tags: Adicionar Tag
Sem tags, seja o primeiro a adicionar uma tag!

MARC

LEADER 00000nam a2200000 4500
001 c005017
005 20221214090833.4
020 |a 80-85297-35-3 
041 0 |a cze 
044 |a CZ 
245 1 0 |a UNIX pro začátečníky  |c Karel Karban, Jana Řešátková 
250 |a 1. vyd. 
264 1 |a Praha  |b Plus  |c 1992 
300 |a 117 s.  |e príl. 
610 2 0 |a UNIX 
610 2 0 |a systémy operačné 
100 1 |a Karban, Karel 
700 1 |a Řešátková, Jana